[Event "Staraya Mayna Sidorov Cup"]
[Site "Staraya Mayna"]
[Date "2018.07.13"]
[Round "6"]
[White "Vorobiov, Daniil"]
[Black "Suchkov, Boris"]
[Result "1-0"]
[WhiteElo "1408"]
[BlackElo "1184"]
[PlyCount "71"]
[EventDate "2018.07.10"]
[EventType "swiss"]
[EventRounds "9"]
[EventCountry "RUS"]
[SourceTitle "EXT 2019"]
[Source "ChessBase"]
[SourceDate "2018.10.10"]
[SourceVersion "1"]
[SourceVersionDate "2018.10.10"]
[SourceQuality "1"]

1. e4 e5 2. d4 exd4 3. Bc4 Nc6 4. Nf3 h6 5. Nxd4 Nxd4 6. Qxd4 Ne7 7. Nc3 Nc6 8. Qd1 Bc5 9. Bxf7+ Kxf7 10. Qh5+ Kg8 11. Qxc5 d6 12. Qh5 Qf6 13. 0-0 Nb4 14. Qe2 Be6 15. a3 Nc6 16. Nd5 Qf7 17. c4 Re8 18. Be3 Ne5 19. b3 a6 20. f4 Bg4 21. Qd2 Nc6 22. Nc3 Qe7 23. Rae1 Kh7 24. f5 Rhf8 25. Nd5 Qd8 26. f6 g5 27. Bxg5 hxg5 28. Qxg5 Rg8 29. Qh4+ Kg6 30. Qxg4+ Kf7 31. Qh5+ Kf8 32. f7 Re5 33. fxg8Q+ Kxg8 34. Qg6+ Kh8 35. Rf3 Qh4 36. Rf8# 1-0